[Event "Benidorm op U2000 18th"]
[Site "Benidorm"]
[Date "2019.12.03"]
[Round "5"]
[White "Nahornyi, Ihor"]
[Black "Moya Mallafre, Erik"]
[Result "1-0"]
[WhiteElo "1999"]
[BlackElo "1886"]
[PlyCount "85"]
[EventDate "2019.11.29"]
[EventType "swiss"]
[EventRounds "10"]
[EventCountry "ESP"]
[SourceTitle "EXT 2022"]
[Source "ChessBase"]
[SourceDate "2021.10.06"]
[SourceVersion "1"]
[SourceVersionDate "2021.10.06"]
[SourceQuality "1"]

1. e4 c6 2. d4 d5 3. exd5 cxd5 4. c4 Nf6 5. Nc3 Nc6 6. Nf3 Bg4 7. cxd5 Nxd5 8. Qb3 Bxf3 9. gxf3 e6 10. Qxb7 Nxd4 11. Bb5+ Nxb5 12. Qc6+ Ke7 13. Qxb5 Nxc3 14. bxc3 Rb8 15. Qc5+ Ke8 16. Qxa7 Bd6 17. Be3 Qf6 18. Qa4+ Ke7 19. 0-0 Qxf3 20. Rfd1 Rhd8 21. Rd4 Bc7 22. Qc4 Rd7 23. Rad1 Rbd8 24. Rxd7+ Rxd7 25. Rxd7+ Kxd7 26. Qd4+ Qd5 27. Qxg7 Qd1+ 28. Kg2 Qd5+ 29. Kg1 Qd1+ 30. Kg2 Qd5+ 31. f3 Qxa2+ 32. Bf2 Bb6 33. Qxf7+ Kc6 34. Qe8+ Kc7 35. Qe7+ Kc6 36. Qh4 Qd2 37. Qe4+ Kc7 38. Qxh7+ Kc6 39. Qe4+ Kc7 40. Qe1 Qg5+ 41. Bg3+ Kd7 42. Qd1+ Ke7 43. Qd6+ 1-0

[Event "San Sebastian op 37th"]
[Site "San Sebastian"]
[Date "2014.04.14"]
[Round "4"]
[White "Estremera Panos, Sergio"]
[Black "Moya Mallafre, Erik"]
[Result "1/2-1/2"]
[WhiteElo "2353"]
[BlackElo "1928"]
[PlyCount "103"]
[EventDate "2014.04.12"]
[EventType "swiss"]
[EventRounds "9"]
[EventCountry "ESP"]
[SourceTitle "CBM 159 Extra"]
[Source "ChessBase"]
[SourceDate "2014.04.24"]
[SourceVersion "1"]
[SourceVersionDate "2014.04.24"]
[SourceQuality "1"]

1. e4 c6 2. c4 d5 3. exd5 cxd5 4. cxd5 Nf6 5. Nc3 Nxd5 6. Nf3 e6 7. Bc4 Nb6 8. Bb3 Nc6 9. d4 Bb4 10. 0-0 a6 11. Qd3 Qc7 12. d5 exd5 13. Nxd5 Nxd5 14. Bxd5 0-0 15. Ng5 g6 16. Qc4 Bd6 17. Qh4 h5 18. Ne4 Be7 19. Bg5 Qe5 20. Bxc6 Bxg5 21. Qxg5 Qxg5 22. Nxg5 bxc6 23. Rfc1 Rb8 24. b3 Rb5 25. Ne4 Re5 26. f3 f5 27. Nf2 Rfe8 28. Nd3 R5e6 29. Nf4 Rd6 30. Rc4 Re5 31. h4 Bd7 32. Rac1 Kf7 33. R1c2 Rd1+ 34. Kf2 Rd6 35. Re2 Kf6 36. Rxe5 Kxe5 37. Ke3 Kf6 38. Rd4 Rxd4 39. Kxd4 Be8 40. b4 g5 41. hxg5+ Kxg5 42. Ke5 Bf7 43. a4 Bb3 44. a5 h4 45. Nh3+ Kg6 46. Nf4+ Kg5 47. Ne2 Bc4 48. Nd4 Bf1 49. Ne6+ Kg6 50. Nf4+ Kg5 51. Ne6+ Kg6 52. Nf4+ 1/2-1/2

[Event "Alfaro op 20th"]
[Site "Alfaro"]
[Date "2014.02.21"]
[Round "3"]
[White "Sanchez Cornago, Raul"]
[Black "Moya Mallafre, Erik"]
[Result "0-1"]
[WhiteElo "1516"]
[BlackElo "1917"]
[PlyCount "70"]
[EventDate "2014.02.07"]
[EventType "swiss"]
[EventRounds "6"]
[EventCountry "ESP"]
[SourceTitle "EXT 2019"]
[Source "ChessBase"]
[SourceDate "2018.10.10"]
[SourceVersion "1"]
[SourceVersionDate "2018.10.10"]
[SourceQuality "1"]

1. c4 e6 2. Nc3 d5 3. d4 c6 4. Nf3 dxc4 5. a4 Bb4 6. e4 b5 7. axb5 cxb5 8. Nd2 Qd7 9. Be2 Bb7 10. Bf3 a6 11. e5 Nc6 12. Bxc6 Bxc6 13. Qg4 Ne7 14. Nde4 Nf5 15. Bh6 0-0-0 16. Be3 Nxd4 17. Nd6+ Bxd6 18. Bxd4 Bb4 19. Be3 Qd3 20. Rc1 g6 21. Rg1 Rd5 22. Qe2 Qxe2+ 23. Kxe2 Rxe5 24. f4 Rxe3+ 25. Kxe3 Bc5+ 26. Ke2 Bxg1 27. Rxg1 Rd8 28. g3 Rd3 29. Ra1 Kb7 30. Rc1 Bf3+ 31. Kf2 Bg4 32. Ne4 Kb6 33. Nf6 h5 34. Nxg4 hxg4 35. Ke2 a5 0-1

[Event "Roquetas de Mar U2150 op"]
[Site "Roquetas de Mar"]
[Date "2013.01.05"]
[Round "4.3"]
[White "Aguilera Quiztke, Alexandra"]
[Black "Moya Mallafre, Erik"]
[Result "1/2-1/2"]
[WhiteElo "1865"]
[BlackElo "2024"]
[PlyCount "89"]
[EventDate "2013.01.04"]
[EventType "swiss"]
[EventRounds "7"]
[EventCountry "ESP"]
[SourceTitle "EXT 2024"]
[Source "ChessBase"]
[SourceDate "2023.10.10"]
[SourceVersion "1"]
[SourceVersionDate "2023.10.10"]
[SourceQuality "1"]

1. e4 c6 2. d4 d5 3. exd5 cxd5 4. Bd3 Nc6 5. c3 Nf6 6. h3 Qc7 7. Nf3 e6 8. Be3 Bd6 9. Nbd2 0-0 10. 0-0 a6 11. a4 Bd7 12. Bg5 Nh5 13. Nh4 Nf4 14. Bc2 h6 15. Bxf4 Bxf4 16. Ndf3 g5 17. Qd3 f5 18. Ng6 Rf6 19. Nxf4 Qxf4 20. Qe3 Qxe3 21. fxe3 Raf8 22. Rae1 Be8 23. Nd2 Bg6 24. Nb3 b6 25. Bd3 f4 26. Bxa6 Bc2 27. Nd2 fxe3 28. Rxe3 Bxa4 29. Rxf6 Rxf6 30. b3 Nb8 31. Bc8 Bd7 32. Bxd7 Nxd7 33. Nb1 Kf7 34. Na3 Ke7 35. Nb5 Nf8 36. Nc7 Kd7 37. Nb5 Ng6 38. Na3 Nf4 39. Nb1 Rf8 40. Nd2 Ra8 41. h4 Ra2 42. g3 Ng6 43. Nf3 gxh4 44. Nxh4 Ne7 45. g4 1/2-1/2

[Event "Roquetas de Mar U2150 op"]
[Site "Roquetas de Mar"]
[Date "2013.01.04"]
[Round "2.3"]
[White "Moya Mallafre, Erik"]
[Black "Soler Ollero, Guillermo"]
[Result "1-0"]
[WhiteElo "2024"]
[BlackElo "1812"]
[PlyCount "77"]
[EventDate "2013.01.04"]
[EventType "swiss"]
[EventRounds "7"]
[EventCountry "ESP"]
[SourceTitle "EXT 2024"]
[Source "ChessBase"]
[SourceDate "2023.10.10"]
[SourceVersion "1"]
[SourceVersionDate "2023.10.10"]
[SourceQuality "1"]

1. Nf3 Nf6 2. c4 d6 3. d4 g6 4. g3 Bg7 5. Bg2 0-0 6. 0-0 Nbd7 7. Qc2 e5 8. Rd1 Qe8 9. Nc3 a6 10. b4 exd4 11. Nxd4 c5 12. bxc5 dxc5 13. Nb3 Qe7 14. Bf4 Ne5 15. Na5 Nh5 16. Be3 Rb8 17. Nd5 Qd8 18. Nb3 Bf5 19. Qc1 Nd7 20. Bg5 Qe8 21. Ne7+ Kh8 22. Nxf5 gxf5 23. Rb1 Nhf6 24. Qd2 Ne5 25. Qf4 Qe6 26. Bd5 Nxd5 27. cxd5 Qd6 28. Qxf5 b5 29. Be3 Nd7 30. Bf4 Ne5 31. Nxc5 Qxc5 32. Bxe5 Bxe5 33. Qxe5+ f6 34. Qf5 Rbe8 35. Rbc1 Qd6 36. Rc6 Qe7 37. e3 a5 38. d6 Qd8 39. Rc7 1-0

[Event "ESP-ch 77th"]
[Site "San Agustin"]
[Date "2012.10.02"]
[Round "4"]
[White "Moya Mallafre, Erik"]
[Black "Moreno Cameno, Juan Carlos"]
[Result "1-0"]
[WhiteElo "1988"]
[BlackElo "1686"]
[PlyCount "39"]
[EventDate "2012.09.29"]
[EventType "swiss"]
[EventRounds "9"]
[EventCountry "ESP"]
[SourceTitle "EXT 2014"]
[Source "ChessBase"]
[SourceDate "2013.11.20"]
[SourceVersion "1"]
[SourceVersionDate "2013.11.20"]
[SourceQuality "1"]

1. Nf3 Nf6 2. c4 c5 3. Nc3 g6 4. d4 cxd4 5. Nxd4 Bg7 6. e4 d6 7. Be2 0-0 8. Be3 Bd7 9. 0-0 Nc6 10. Qd2 Rc8 11. f3 Qa5 12. Rfd1 a6 13. Nxc6 Bxc6 14. Nd5 Qd8 15. Nb6 Rb8 16. Rac1 Nd7 17. Nxd7 Qxd7 18. c5 Rfd8 19. cxd6 Qxd6 20. Qa5 1-0

[Event "ESP-ch 77th"]
[Site "San Agustin"]
[Date "2012.10.01"]
[Round "3"]
[White "Suarez Garcia, Carlos"]
[Black "Moya Mallafre, Erik"]
[Result "1-0"]
[WhiteElo "2274"]
[BlackElo "1988"]
[PlyCount "69"]
[EventDate "2012.09.29"]
[EventType "swiss"]
[EventRounds "9"]
[EventCountry "ESP"]
[SourceTitle "EXT 2014"]
[Source "ChessBase"]
[SourceDate "2013.11.20"]
[SourceVersion "1"]
[SourceVersionDate "2013.11.20"]
[SourceQuality "1"]

1. d4 d5 2. c4 e6 3. g3 c6 4. Bg2 f5 5. Nf3 Nf6 6. 0-0 Bd6 7. b3 Qe7 8. Bb2 0-0 9. e3 Nbd7 10. Nbd2 Ne4 11. Ne5 Nxe5 12. dxe5 Bc5 13. Nf3 dxc4 14. bxc4 Rd8 15. Qc2 Bd7 16. Nd4 Ng5 17. Nb3 Be8 18. h4 Nf7 19. e4 f4 20. gxf4 Nh6 21. f5 Ng4 22. f6 gxf6 23. exf6 Qc7 24. e5 Bf8 25. Qe2 Nh6 26. Bh3 Qf7 27. Nd4 Bd7 28. Nf3 Qh5 29. Qe4 Nf5 30. Kh2 Bh6 31. Rg1+ Kh8 32. Bxf5 exf5 33. e6 Rg8 34. f7+ Bg7 35. Rxg7 1-0

[Event "Benidorm op U2200 10th"]
[Site "Benidorm"]
[Date "2011.12.07"]
[Round "7"]
[White "Moya Mallafre, Erik"]
[Black "Ferrandiz Iserte, Albert"]
[Result "1-0"]
[WhiteElo "1989"]
[BlackElo "1946"]
[PlyCount "43"]
[EventDate "2011.12.02"]
[EventType "swiss"]
[EventRounds "10"]
[EventCountry "ESP"]
[SourceTitle "CBM 145 Extra"]
[Source "ChessBase"]
[SourceDate "2012.01.03"]
[SourceVersion "1"]
[SourceVersionDate "2012.01.03"]
[SourceQuality "1"]

1. Nf3 f5 2. d3 Nc6 3. e4 e5 4. c4 Nf6 5. Nc3 d6 6. Be2 g6 7. Bg5 Bg7 8. 0-0 0-0 9. a3 a5 10. Qc2 h6 11. Bd2 f4 12. Nb5 g5 13. h3 Qe7 14. b4 axb4 15. axb4 Be6 16. d4 Rxa1 17. Rxa1 Nxe4 18. Nxc7 Nxd2 19. Nxe6 Nxf3+ 20. Bxf3 Qxe6 21. Bd5 Qxd5 22. cxd5 1-0

[Event "ESP-ch Autonomicas"]
[Site "Gijon"]
[Date "2011.04.30"]
[Round "3.5"]
[White "Jimenez Almeida, Luis David"]
[Black "Moya Mallafre, Erik"]
[Result "1/2-1/2"]
[WhiteElo "1965"]
[BlackElo "1997"]
[PlyCount "154"]
[EventDate "2011.04.29"]
[EventType "team-swiss"]
[EventRounds "6"]
[EventCountry "ESP"]
[SourceTitle "CBM 142 Extra"]
[Source "ChessBase"]
[SourceDate "2011.06.27"]
[SourceVersion "1"]
[SourceVersionDate "2011.06.27"]
[SourceQuality "1"]
[WhiteTeam "Navarra"]
[BlackTeam "La Rioja"]
[WhiteTeamCountry "ESP"]
[BlackTeamCountry "ESP"]

1. d4 c6 2. c4 d5 3. Nf3 e6 4. g3 Nf6 5. Bg2 Nbd7 6. b3 Bb4+ 7. Bd2 a5 8. 0-0 Ne4 9. Qc2 Nxd2 10. Nbxd2 Nf6 11. Rfd1 0-0 12. e4 Nxe4 13. Nxe4 dxe4 14. Qxe4 Qf6 15. Ne5 Rd8 16. Rac1 Bd7 17. h4 Bd6 18. Ng4 Qf5 19. Qe2 a4 20. Be4 Qa5 21. c5 Bf8 22. Ne5 Be8 23. Nc4 Qb4 24. a3 Qb5 25. b4 Qa6 26. Bd3 b5 27. Nb6 Ra7 28. h5 Qb7 29. Qe4 g6 30. hxg6 hxg6 31. Kg2 Bg7 32. Bb1 Qe7 33. Rd3 e5 34. dxe5 Rxd3 35. Bxd3 Qxe5 36. Nc8 Rd7 37. Nd6 Re7 38. Re1 Bd7 39. Rd1 Qg5 40. Qf3 Bg4 41. Qxc6 Bxd1 42. Nxb5 Bb3 43. Qc8+ Kh7 44. Qh3+ Qh6 45. Qxh6+ Kxh6 46. Nd6 Bb2 47. Nb5 Rd7 48. Be4 Bd5 49. Kf3 Bxe4+ 50. Kxe4 f5+ 51. Kf4 Rd2 52. Ke3 Bc1 53. Nd4 Kg7 54. Ne2 Rd1+ 55. Nxc1 Rxc1 56. Kd4 Rd1+ 57. Kc4 Kf7 58. Kb5 Ke7 59. Kxa4 Rd3 60. b5 Kd7 61. Kb4 Kc7 62. a4 Rd4+ 63. Kb3 Rd2 64. a5 Kb7 65. Kc4 Rxf2 66. c6+ Kc7 67. Kc5 Rc2+ 68. Kd5 g5 69. b6+ Kb8 70. a6 Rd2+ 71. Ke6 f4 72. a7+ Ka8 73. c7 Rc2 74. Kd7 Rd2+ 75. Kc8 Rb2 76. Kd8 Rd2+ 77. Ke7 Rc2 1/2-1/2

[Event "Benidorm op U2000 09th"]
[Site "Benidorm"]
[Date "2010.12.06"]
[Round "5"]
[White "Moya Mallafre, Erik"]
[Black "Burlacu, Laurentiu"]
[Result "1-0"]
[WhiteElo "1986"]
[BlackElo "1955"]
[PlyCount "79"]
[EventDate "2010.12.03"]
[EventType "swiss"]
[EventRounds "10"]
[EventCountry "ESP"]
[SourceTitle "CBM 139 Extra"]
[Source "ChessBase"]
[SourceDate "2011.01.05"]
[SourceVersion "1"]
[SourceVersionDate "2011.01.05"]
[SourceQuality "1"]

1. Nf3 d5 2. c4 e6 3. g3 Nf6 4. Bg2 d4 5. 0-0 Nc6 6. d3 Be7 7. e3 e5 8. exd4 exd4 9. Re1 0-0 10. Nbd2 a5 11. Qe2 Bb4 12. a3 Re8 13. Qd1 Rxe1+ 14. Qxe1 Bf8 15. Ne4 Ng4 16. Bf4 f6 17. Qe2 Ra6 18. Re1 a4 19. Qc2 Bd7 20. h3 Nge5 21. Ned2 Nxf3+ 22. Nxf3 g5 23. Bc1 Bf5 24. Nd2 Bg6 25. Bd5+ Kh8 26. Ne4 Ra7 27. Bd2 Ne5 28. Nxg5 c6 29. Bg2 Bxd3 30. Qxd3 Nxd3 31. Nf7+ Kg8 32. Nxd8 Nxe1 33. Bxe1 Ra8 34. Nxb7 Re8 35. Kf1 Re6 36. Nd8 Re8 37. Nxc6 d3 38. Bd5+ Kg7 39. Nd4 Bd6 40. Nf5+ 1-0

[Event "Alfaro op 14th"]
[Site "Alfaro"]
[Date "2008.03.07"]
[Round "7"]
[White "Glavina, Pablo"]
[Black "Moya Mallafre, Erik"]
[Result "1/2-1/2"]
[WhiteElo "2425"]
[BlackElo "2028"]
[PlyCount "23"]
[EventDate "2008.01.25"]
[EventType "swiss"]
[EventRounds "7"]
[EventCountry "ESP"]
[SourceTitle "EXT 2010"]
[Source "ChessBase"]
[SourceDate "2010.11.25"]
[SourceVersion "1"]
[SourceVersionDate "2010.11.25"]
[SourceQuality "1"]

1. Nf3 Nf6 2. g3 d5 3. Bg2 Bf5 4. 0-0 Nbd7 5. b3 e5 6. Bb2 Bd6 7. d4 e4 8. Ne5 0-0 9. f4 exf3 10. exf3 c5 11. Nxd7 Qxd7 12. Kh1 1/2-1/2

[Event "Benidorm op U2300 06th"]
[Site "Benidorm"]
[Date "2007.12.06"]
[Round "7"]
[White "Ridameya Tatche, Jose Miguel"]
[Black "Moya Mallafre, Erik"]
[Result "1-0"]
[WhiteElo "2140"]
[BlackElo "2031"]
[PlyCount "61"]
[EventDate "2007.11.30"]
[EventType "swiss"]
[EventRounds "9"]
[EventCountry "ESP"]
[SourceTitle "CBM 121 Extra"]
[Source "ChessBase"]
[SourceDate "2008.01.10"]
[SourceVersion "1"]
[SourceVersionDate "2008.01.10"]
[SourceQuality "1"]

1. e4 c6 2. d4 d5 3. exd5 cxd5 4. c4 Nf6 5. Nc3 Nc6 6. Nf3 Bg4 7. cxd5 Nxd5 8. Be3 e6 9. Be2 Bb4 10. Rc1 0-0 11. 0-0 Nce7 12. h3 Bh5 13. Qb3 b6 14. Bd2 Rc8 15. Nxd5 Bxd2 16. Nxe7+ Qxe7 17. Rxc8 Rxc8 18. g4 Bxg4 19. hxg4 Bf4 20. Qd3 Rd8 21. Qe4 Qf6 22. Kg2 g6 23. Rh1 Kg7 24. Rh3 Bb8 25. Ne5 Bc7 26. Rf3 Bxe5 27. dxe5 Qe7 28. Qf4 Qc7 29. Rc3 Qb8 30. Rh3 Rh8 31. Qf6+ 1-0

[Event "Benidorm op U2300 06th"]
[Site "Benidorm"]
[Date "2007.12.03"]
[Round "4"]
[White "Pereira, Edgar"]
[Black "Moya Mallafre, Erik"]
[Result "1-0"]
[WhiteElo "2106"]
[BlackElo "2031"]
[PlyCount "75"]
[EventDate "2007.11.30"]
[EventType "swiss"]
[EventRounds "9"]
[EventCountry "ESP"]
[SourceTitle "CBM 121 Extra"]
[Source "ChessBase"]
[SourceDate "2008.01.10"]
[SourceVersion "1"]
[SourceVersionDate "2008.01.10"]
[SourceQuality "1"]

1. e4 c6 2. d4 d5 3. e5 Bf5 4. Nf3 e6 5. Be2 c5 6. 0-0 Nc6 7. c3 Qb6 8. dxc5 Bxc5 9. b4 Bf8 10. Be3 Qc7 11. Qa4 Nge7 12. Na3 Nc8 13. b5 Qa5 14. bxc6 Qxa4 15. cxb7 Rb8 16. bxc8Q+ Rxc8 17. Bb5+ Qxb5 18. Nxb5 Bd3 19. Nxa7 Rc7 20. Rfd1 Be2 21. Re1 Bd3 22. a4 Rxc3 23. Nb5 Rc6 24. Nfd4 Rb6 25. Nb3 Rb8 26. Ba7 Rc8 27. Rec1 Bc4 28. Na5 Bb4 29. Nxc4 dxc4 30. Rab1 Be7 31. Rd1 0-0 32. Nc3 Rc7 33. Bb6 Rb7 34. a5 Rfb8 35. Bc7 Rxb1 36. Rxb1 Rb3 37. Rxb3 cxb3 38. a6 1-0

[Event "Burgas op 16th"]
[Site "Ourense"]
[Date "2007.07.13"]
[Round "9.23"]
[White "Villar Perez, Samuel"]
[Black "Moya Mallafre, Erik"]
[Result "0-1"]
[WhiteElo "1841"]
[BlackElo "2009"]
[PlyCount "109"]
[EventDate "2007.07.05"]
[EventType "swiss"]
[EventRounds "9"]
[EventCountry "ESP"]
[SourceTitle "EXT 2008"]
[Source "ChessBase"]
[SourceDate "2007.11.25"]
[SourceVersion "1"]
[SourceVersionDate "2007.11.25"]
[SourceQuality "1"]

1. d4 c6 2. c4 d5 3. Nf3 e6 4. e3 Nf6 5. Nc3 Nbd7 6. Bd3 dxc4 7. Bxc4 b5 8. Bd3 a6 9. e4 c5 10. Bg5 cxd4 11. Nxd4 Bb7 12. f3 h6 13. Be3 Bc5 14. Nc2 Qb6 15. Qd2 Ne5 16. Qe2 0-0 17. 0-0 Rfd8 18. Rad1 Rd7 19. Rd2 Rad8 20. Rfd1 Bc6 21. a3 Qa7 22. Kh1 Bxe3 23. Nxe3 Qc5 24. Bb1 a5 25. Rc2 Qe7 26. Rcd2 b4 27. axb4 axb4 28. Rxd7 Rxd7 29. Rxd7 Qxd7 30. Na2 Qd4 31. Nc1 Bb5 32. Nb3 Qb6 33. Qd2 Nc6 34. Bd3 Nd4 35. Bxb5 Nxb3 36. Qd3 Nc1 37. Qd2 Qxb5 38. Qxc1 Qe2 39. Nc4 Nh5 40. Kg1 Nf4 41. Qd2 Qxc4 42. Qxf4 Qd4+ 43. Kf1 Qxb2 44. Qb8+ Kh7 45. Qe8 b3 46. Qxf7 Qc1+ 47. Kf2 b2 48. Qxe6 Qc5+ 49. Kg3 b1Q 50. h4 Qb8+ 51. Kg4 Qbc8 52. Qf5+ g6 53. Qxc8 Qxc8+ 54. Kf4 Kg7 55. g4 0-1

[Event "Burgas op 16th"]
[Site "Ourense"]
[Date "2007.07.11"]
[Round "7.22"]
[White "Moya Mallafre, Erik"]
[Black "Losada Gallego, Joaquin M"]
[Result "1-0"]
[WhiteElo "2009"]
[BlackElo "1702"]
[PlyCount "43"]
[EventDate "2007.07.05"]
[EventType "swiss"]
[EventRounds "9"]
[EventCountry "ESP"]
[SourceTitle "EXT 2008"]
[Source "ChessBase"]
[SourceDate "2007.11.25"]
[SourceVersion "1"]
[SourceVersionDate "2007.11.25"]
[SourceQuality "1"]

1. e4 c5 2. d4 cxd4 3. c3 d5 4. exd5 Qxd5 5. Nf3 e5 6. Be2 Nc6 7. 0-0 Nf6 8. Qa4 Bd7 9. Bc4 Qd6 10. Ng5 Nd5 11. f4 Nce7 12. Qb3 Bc6 13. Nxf7 Qc7 14. fxe5 Ne3 15. Bxe3 dxe3 16. Nd6+ Kd8 17. Qd1 e2 18. Nxb7+ Kc8 19. Nd6+ Kd8 20. Bxe2 Qb6+ 21. Qd4 Qxb2 22. Nc4+ 1-0

[Event "Burgas op 16th"]
[Site "Ourense"]
[Date "2007.07.09"]
[Round "5.21"]
[White "Moya Mallafre, Erik"]
[Black "Gomez Dominguez, Breixo"]
[Result "1-0"]
[WhiteElo "2009"]
[BlackElo "1905"]
[PlyCount "59"]
[EventDate "2007.07.05"]
[EventType "swiss"]
[EventRounds "9"]
[EventCountry "ESP"]
[SourceTitle "EXT 2008"]
[Source "ChessBase"]
[SourceDate "2007.11.25"]
[SourceVersion "1"]
[SourceVersionDate "2007.11.25"]
[SourceQuality "1"]

1. Nf3 Nf6 2. c4 e6 3. g3 d5 4. Bg2 Be7 5. 0-0 0-0 6. d4 b6 7. Ne5 Bb7 8. Nd2 Nbd7 9. Ndf3 c5 10. e3 Qc7 11. cxd5 Bxd5 12. b3 cxd4 13. Qxd4 Nxe5 14. Qxe5 Bd6 15. Qg5 Qb7 16. Ne1 h6 17. Bxd5 Qxd5 18. Qxd5 Nxd5 19. Bb2 Rac8 20. Nd3 Rc2 21. Rac1 Rfc8 22. Rfd1 Nb4 23. Nxb4 Bxb4 24. Rd8+ Rxd8 25. Rxc2 Rd2 26. Rxd2 Bxd2 27. a3 Kf8 28. Kf1 b5 29. b4 a5 30. Ke2 1-0

[Event "Burgas op 16th"]
[Site "Ourense"]
[Date "2007.07.06"]
[Round "2"]
[White "Milchev, Nikolay"]
[Black "Moya Mallafre, Erik"]
[Result "1-0"]
[WhiteElo "2315"]
[BlackElo "2009"]
[PlyCount "141"]
[EventDate "2007.07.05"]
[EventType "swiss"]
[EventRounds "9"]
[EventCountry "ESP"]
[SourceTitle "EXT 2008"]
[Source "ChessBase"]
[SourceDate "2007.11.25"]
[SourceVersion "1"]
[SourceVersionDate "2007.11.25"]
[SourceQuality "1"]

1. Nf3 d5 2. c4 c6 3. cxd5 cxd5 4. d4 Nf6 5. Nc3 Bf5 6. Bf4 Nc6 7. e3 e6 8. Be2 Bb4 9. 0-0 0-0 10. Na4 Rc8 11. Qb3 Nh5 12. Bg5 Be7 13. Bxe7 Qxe7 14. Rac1 Nf6 15. a3 Rc7 16. Nc5 Rfc8 17. Qa4 Nd7 18. Nxd7 Qxd7 19. Rc3 Ne5 20. Qxd7 Nxd7 21. Rfc1 Rxc3 22. bxc3 h6 23. Nd2 Nb6 24. f3 Kf8 25. e4 Bg6 26. Kf2 Ke7 27. Ke3 f6 28. Bd3 e5 29. Rc2 Kd6 30. g3 Be8 31. f4 Ba4 32. Rc1 exd4+ 33. Kxd4 dxe4 34. Nxe4+ Ke7 35. c4 Rd8+ 36. Ke3 Bc6 37. Nc3 Nd7 38. Nb5 Nc5 39. Bc2 a6 40. Nd4 Bd7 41. Rb1 Kd6 42. h4 Re8+ 43. Kf3 Bc6+ 44. Kg4 Bd7+ 45. Bf5 g6 46. Bxd7 Kxd7 47. Rd1 h5+ 48. Kf3 Kc7 49. g4 hxg4+ 50. Kxg4 Re3 51. Nc2 Rc3 52. Nb4 f5+ 53. Kg5 Ne6+ 54. Kxg6 Nxf4+ 55. Kxf5 Rxc4 56. Rd2 a5 57. Nc2 Nd3 58. Ne3 Rc5+ 59. Ke4 Nc1 60. Rh2 Rh5 61. Rc2+ Kb8 62. Rxc1 Rxh4+ 63. Kd5 b6 64. Nc4 Kb7 65. Re1 Rh5+ 66. Re5 Rh6 67. Nd6+ Kc7 68. Re7+ Kd8 69. Rb7 Rh3 70. a4 Rh4 71. Kc6 1-0